Bürokratisierung und Modernisierung der Gesellschaft

Salvato in:
Dettagli Bibliografici
Autore principale: Leuenberger, Theodor
Natura: Libro
Lingua:tedesco
Pubblicazione: Bern Haupt 1975
Edizione:1. Aufl.
Serie:Uni Taschenbücher 439
Soggetti:
Tags: Aggiungi Tag
Nessun Tag, puoi essere il primo ad aggiungerne!!

MARC

LEADER 00000nam a2200000 4500
001 c018792
005 20221207073338.3
020 |a 3-258-01057-9 
041 0 |a ger 
044 |a CH 
245 1 0 |a Bürokratisierung und Modernisierung der Gesellschaft  |c Theodor Leuenberger 
250 |a 1. Aufl. 
264 1 |a Bern  |b Haupt  |c 1975 
300 |a 175 s. 
490 1 |a Uni Taschenbücher  |v 439 
830 0 |a Uni Taschenbücher  |v 439 
610 2 0 |a spoločnosť 
610 2 0 |a modernizácia 
610 2 0 |a byrokracia 
610 2 0 |a centralizácia 
610 2 0 |a formy organizácie politickej 
610 2 0 |a kritika 
610 2 0 |a demokratizácia 
610 2 0 |a národopis 
610 2 0 |a moc štátna 
610 2 0 |a moc vyššia 
610 2 0 |a štruktúra organizačná 
610 2 0 |a revolúcia 
610 2 0 |a organizácia 
610 2 0 |a modely 
610 2 0 |a vzťahy politické medzinárodné 
610 2 0 |a inovácia 
610 2 0 |a vývoj spoločenský 
610 2 0 |a vývoj systémov 
610 2 0 |a spoločnosť industriálna 
610 2 0 |a Čína 
610 2 0 |a Japonsko 
610 2 0 |a Nemecko 
100 1 |a Leuenberger, Theodor